000 00356nam a2200145Ia 4500
008 230917s9999||||xx |||||||||||||| ||und||
040 _e33549
_aMAIN
041 _aEnglish
082 _a658.05678 S63E
100 _aSchneider, Gary P
245 0 _aElectronic commerce
260 _aAustralia
_bCourse Technology
_c2001
300 _a408 p.
942 _cBK
999 _c106040
_d106040